000 00547nam a2200205Ia 4500
005 20251120131907.0
008 230125s9999 xx 000 0 und d
020 _a9789380032092
041 _aeng
082 _a158.1
_bBAR
100 _aBarnes M
_9215056
245 _aTime to Think
_bSeize Control of Your Time and Life
260 _c2009
_bWestland Publications
_aMumbai
300 _a204p
500 _aPersonality Development
650 _aPersonality Development
_9213420
700 _aBarnes M
_9215056
906 _b59
942 _cBK
999 _c90880
_d90880